Urban Spaces. Plazas, Squares and Streetscapes

Guardado en:
Detalles Bibliográficos
Autor principal: Uffelen, Christian van (Autor)
Formato: Libro
Lenguaje:inglés
Publicado: Berlin : Braun, 2013
Materias:
Etiquetas: Agregar Etiqueta
Sin Etiquetas, Sea el primero en etiquetar este registro!

MARC

LEADER 00000nam a22000003a 4500
001 stu263432
005 20150617225726.5
008 130307s2013------------------------eng-d
020 |a 978-3-03768-130-5 
040 |a STU  |b slo 
041 0 |a eng 
100 1 |a Uffelen, Christian van  |4 aut 
245 1 |a Urban Spaces. Plazas, Squares and Streetscapes 
260 |a Berlin :  |b Braun,  |c 2013 
300 |a 271 s 
650 7 |a mestský interiér  |2 stusub 
650 7 |a námestie  |2 stusub 
650 7 |a parky  |2 stusub 
650 7 |a Plazas  |2 estusub 
650 7 |a squares  |2 estusub 
996 |b 284AU05646  |c A*8418 U  |l AAKNAR  |s A  |a 24  |w stu263432_0001